000 00701cam a22002297a 4500
999 _c451
_d451
001 12044095
003 OSt
005 20180817122227.0
008 000616s1999 oku 000 0 eng
010 _a 00268657
020 _a1577941926
040 _aDLC
_cDLC
050 0 0 _aMLCS 2003/06299 (B)
082 _a248
_bS266S
100 1 _aSavelle, Jerry.
245 1 0 _aSeizing God-given opportunities :
_bpositioning yourself to receive God's best /
_cby Jerry Savelle.
260 _aTulsa, Okla. :
_bHarrison House,
_cc1999.
300 _a139 p. ;
_c22 cm.
906 _a7
_bcbc
_corignew
_d4
_encip
_f20
_gy-gencatlg
942 _2ddc
_cBK